Solar flares (Record no. 5050)

MARC details
000 -LEADER
fixed length control field 00630nam a2200217Ia 4500
003 - CONTROL NUMBER IDENTIFIER
control field IN-BaIIA
008 - FIXED-LENGTH DATA ELEMENTS--GENERAL INFORMATION
fixed length control field 211028s9999 xx 000 0 eng d
020 ## - INTERNATIONAL STANDARD BOOK NUMBER
International Standard Book Number 90-277-0662-X
040 ## - CATALOGING SOURCE
Transcribing agency IIA Library
080 ## - UNIVERSAL DECIMAL CLASSIFICATION NUMBER
Universal Decimal Classification number 523.985
Item number SVE
100 ## - MAIN ENTRY--PERSONAL NAME
Personal name Svestka, Zdenek
9 (RLIN) 8981
245 #0 - TITLE STATEMENT
Title Solar flares
Statement of responsibility, etc. Zdenek Svestka
260 ## - PUBLICATION, DISTRIBUTION, ETC.
Place of publication, distribution, etc. Dordrecht
Name of publisher, distributor, etc. D. Reidel Publishing
Date of publication, distribution, etc. 1976
300 ## - PHYSICAL DESCRIPTION
Extent xiv, 399p.
490 ## - SERIES STATEMENT
Series statement Geophysics and astrophysics monographs; v. 8
650 ## - SUBJECT ADDED ENTRY--TOPICAL TERM
Topical term or geographic name entry element  Flares 
9 (RLIN) 8982
650 ## - SUBJECT ADDED ENTRY--TOPICAL TERM
Topical term or geographic name entry element  Solar activity
9 (RLIN) 8983
650 ## - SUBJECT ADDED ENTRY--TOPICAL TERM
Topical term or geographic name entry element  Solar flares 
9 (RLIN) 8475
650 ## - SUBJECT ADDED ENTRY--TOPICAL TERM
Topical term or geographic name entry element Astronomy and astrophysics thesaurus 
9 (RLIN) 1143
942 ## - ADDED ENTRY ELEMENTS (KOHA)
Koha item type Books
Holdings
Withdrawn status Lost status Damaged status Not for loan Home library Current library Shelving location Date acquired Total Checkouts Full call number Barcode Date last seen Price effective from Koha item type Purchase Price
        IIA Library-Bangalore IIA Library-Bangalore General Stacks 08/10/1976   523.985/ SVE 5640 05/11/2021 08/10/1976 Books DFL 115.00

Powered by Koha